000 01155nam a22002537a 4500
005 20170124103120.0
010 _aA-890168
020 _c150.00
035 _aA-890168
037 _bCen Lib/Ret
040 _aDPL
_bHN
082 _a333.88
_bशर्माश्या
100 _aशर्मा, श्याम सुन्दर
_943924
245 _aअनंत ऊर्जा स्त्रोत :
_cश्याम सुन्दर शर्मा
_bभूतापीय ऊर्जा /
246 _aAnant oorja strort : bhoopateey oorja /
_bby Shyam Sundar Sharma
260 _aदिल्ली
_bबिशन चन्द एंड संस
_c1997
270 _a5751, जोगीवाडा
_bदिल्ली
_e110006
300 _a144पृ. :
_c20सेमी(सजिल्द)
_bसचित्र
650 _aभूगर्भीय ऊर्जा
_91291
650 _aभूगर्भीय ऊर्जा -- उपयोग
_981865
650 _aGeothermal energy
_981866
650 _aGeothermal energy - use
_981867
942 _2ddc
_cHN
_h333.88
_mशर्माश्या
999 _c118777
_d118777